Prerequisites for an adequate lexicography of 'Afar /
Saved in:
| Main Author: | |
|---|---|
| Format: | Thesis Book |
| Language: | English |
| Published: |
1979
|
| Subjects: | |
| Tags: |
Add Tag
No Tags, Be the first to tag this record!
|
| LEADER | 01043nam a2200337 4500 | ||
|---|---|---|---|
| 001 | u48610 | ||
| 003 | SIRSI | ||
| 008 | 860924s1979 uk 0 eng | ||
| 015 | |a X860000749 | ||
| 035 | |a AAF-2320 | ||
| 040 | |a UMM | ||
| 043 | |a f-ft--- | ||
| 049 | 0 | 0 | |a mkk |
| 050 | 0 | |a PJ2421 | |
| 080 | |a s1979 |b uk |d v |f 0 |l eng | ||
| 090 | 0 | 0 | |a PJ2421 |b Par |d closed stacks |
| 100 | 1 | 0 | |a Parker, Enid May |
| 245 | 1 | 0 | |a Prerequisites for an adequate lexicography of 'Afar / |c by Enid May Parker |
| 260 | |c 1979 | ||
| 300 | |a xii, 298 leaves : |b tables ; |c 28cm | ||
| 500 | |a Photocopy | ||
| 502 | |a Thesis (Ph.D.) - School of Oriental and African Studies, University of London, 1979 | ||
| 504 | 0 | 0 | |a Bibliography: leaves 285-289 |
| 650 | 0 | |a Afar language |x Lexicography | |
| 650 | 0 | |a Afar language |x Lexicology | |
| 650 | 0 | |a Afar language |x Grammar | |
| 984 | |c closed stacks PJ2421.Par@100720760F | ||
| 998 | 0 | 0 | |a UMM |
| 948 | |a 16/03/1991 |b 16/03/1991 | ||
| 596 | |a 1 | ||
| 999 | |a PJ2421 PAR |w LC |c 1 |i A002677018 |l STACKS |m P01UTAMA |r Y |s Y |t TESIS |u 23/12/1991 | ||
